000 01027cam a2200265 4500
001 WB3648-19
008 000000n2000 000 0 eng u
035 _a(Sirsi) u109765
245 _aIntegrated housing scheme pilot
260 _c2000
490 _aUrban Environment Today
_v(110) 30 November 2000, 6(1)
520 _aAn integrated residential scheme, offering permanent housing for former homeless people and key workers such as nurses and teachers, is to be piloted in central London. The Housing Corporation is set to allocate funding for the 'Common Ground' project, proposed by the Kings Fund and the charity Crisis, which is modelled on a project in Times Square, New York.
590 _aWB
650 _aINTEGRATED HOUSING
650 _aHOUSING CORPORATION
650 _aRESIDENTIAL HOMES
650 _aLONDON
650 _aPILOT SCHEMES
650 _aKING'S FUND
650 _aCRISIS
650 _aHOMELESS PEOPLE
650 _aKEY WORKERS
690 _aAffordable housing
_96215
942 _n0
999 _c65513
_d65513